<Der> Beitrag der Logistik zum Erreichen strategischer Erfolgspositionen dissertation

Salvato in:
Dettagli Bibliografici
Autore principale: Krämer, Marnie B.
Natura: Libro
Lingua:tedesco
Pubblicazione: St. Gallen Die Hochschule St. Gallen 1992
Soggetti:
Tags: Aggiungi Tag
Nessun Tag, puoi essere il primo ad aggiungerne!!

MARC

LEADER 00000nam a2200000 4500
001 c105668
005 20240116102944.2
041 0 |a ger 
044 |a CH 
245 1 0 |a <Der> Beitrag der Logistik zum Erreichen strategischer Erfolgspositionen  |b dissertation  |c Marnie B. Krämer 
264 1 |a St. Gallen  |b Die Hochschule St. Gallen  |c 1992 
300 |a 329 s. 
610 2 0 |a logistika 
610 2 0 |a podnik priemyselný 
610 2 0 |a úspech pracovný 
610 2 0 |a manažment 
610 2 0 |a ciele podnikové 
610 2 0 |a stratégia podniková 
610 2 0 |a systémy informačné 
610 2 0 |a plánovanie 
610 2 0 |a simulácia 
610 2 0 |a prognózy 
610 2 0 |a kontrola 
610 2 0 |a systémy riadenia 
610 2 0 |a personál 
610 2 0 |a štruktúra organizačná 
610 2 0 |a predaj 
610 2 0 |a marketing 
610 2 0 |a kanály distribučné 
610 2 0 |a produkcia 
610 2 0 |a náklady 
610 2 0 |a nákup 
100 1 |a Krämer, Marnie B.